| 000 | 00606cam a2200205 4500500 | ||
|---|---|---|---|
| 005 | 20260329005756.0 | ||
| 041 | _afre | ||
| 042 | _adc | ||
| 100 | 1 | 0 |
_aEnjalbert, Cédric _eauthor |
| 245 | 0 | 0 | _a“Lacrima” : La violence dans le pli |
| 260 | _c2024. | ||
| 500 | _a87 | ||
| 690 | _aCaroline Guiela Nguyen | ||
| 690 | _aLuxe | ||
| 690 | _aMode | ||
| 690 | _aThéâtre | ||
| 690 | _aViolence | ||
| 786 | 0 | _nPhilosophie magazine | 185 | 12 | 2024-12-01 | p. 62-62 | 1951-1787 | |
| 856 | 4 | 1 | _uhttps://shs.cairn.info/magazine-philosophie-magazine-2024-12-page-62?lang=fr&redirect-ssocas=7080 |
| 999 |
_c1846503 _d1846503 |
||